01596nam a2200301 a 450000100060000000300080000600500170001400800410003102000160007203500190008804000320010704100080013908200380014711000850018524503140027024601460058426000500073030000380078049000260081865100600084465100780090470000330098271000430101583000340105894200130109299900170110595201720112264198BD-RjUL20211209081300.0170126s1963 pk s o00| 0 eng  c: PRs. 4.50 a(BD-RjUL)64328 aDLCcDLCdDLCdBD-RjULbeng aeng a304.609549021223bSIA 1963 (DCR) aPakistan.bMinistry of Home and Kashmir Affairs (Home Affairs Division).918643210aPopulation census of Pakistan, 1961 : bDistrict census report, Sialkot. Parts I-V : General description, general tables, housing tables, population tables, and village statistics. / cPakistan. Ministry of Home and Kashmir Affairs (Home Affairs Division) ; Census organization (Pakistan) ; A. Rashid, [comp.] aDistrict census report, SialkotbParts I-V : General description, general tables, housing tables, population tables, and village statistics.  aKarachi : bManager of publications,c[1963]. avarious pagings :bIll. ;c25 cm. acensus, 61 ;vNo. 125 aPakistan (West Pakistan)zSialkotvCensus, 19619190643 aPakistan (West Pakistan)zSialkotxPopulation vStatistics y19619190644 aRashid, A. , [comp.]9186708 aCensus organization (Pakistan)9186435 acensus, 61 ;vNo. 1259190646 2ddccRAR c64198d64198 00102ddc40718RAREaRUCLbRUCLcRared1963-02-08eDirectorate of Census, West Pakistanl0oRA 304.609549021 SIA 1963(DCR)r2017-02-11 00:00:00tC-1w2017-02-11yRAR